Pays générant le plus de déchets plastiques - Statistiques

Statistiques générales
  • Ce quiz a été pris 631 fois
    562 depuis la dernière actualisation
  • Le résultat moyen est 8 sur 20
Statistiques - réponses
Indice Pays % Correct
1 59,1 Chine
98%
2 37,8 Etats-Unis
96%
8 5,8 Russie
89%
5 8,0 Japon
84%
4 11,9 Brésil
80%
3 14,5 Allemagne
69%
7 0,48 Allemagne
69%
6 6,4 Pakistan
48%
9 5,6 Turquie
46%
10 5,5 Egypte
35%
7 6,0 Nigeria
33%
9 0,42 Pays-Bas
21%
8 0,43 Irlande
15%
1 0,69 Koweït
9%
10 0,39 Bahamas
3%
5 0,57 Barbade
2%
4 0,59 Guyana
2%
3 0,65 Saint-Christophe- et-Niévès
2%
6 0,52 Sainte-Lucie
2%
2 0,66 Antigua-et-Barbuda
1%
Aucun quiz correspondant
Distribution des résultats
% des personnes avec chaque résultat
Percentile par nombre de réponses
Votre historique - résultats
Vous n’avez pas pris ce quiz depuis la dernière actualisation